00754nam a22002057a 4500003000500000005001700005008004100022010001100063011001100074035001100085040000900096100003700105245009700142260004000239500006000279502010400339650002100443650002000464856006400484CHAP20220329143931.0110912s2012 mx r 00010 spa d a103921 a104893 a115583 cCHAP1 aVillalobos Sánchez, Gontrán.10aDe la localidad al lugar :h[En línea]bSierra Morenac/por Gontrán Villalobos Sánchez aChapingo, Méx. :bEl autor,c2012 aPara ver el contenido del material haga clic en la liga aTesis (M.C. en Desarrollo Rural Regional) -- UACH. Dirección de Centros Regionales Universitarios14aEstructuralismo.14aNeoliberalismo. 3Finding aiduhttp://10.13.5.2/tesis/115583.pdfzTeclea aqui